Normal view
MARC view
Entry Topical Term
001 - CONTROL NUMBER
- control field: 19340
003 - CONTROL NUMBER IDENTIFIER
- control field: OSt
005 - DATE AND TIME OF LATEST TRANSACTION
- control field: 20241126155600.0
008 - FIXED-LENGTH DATA ELEMENTS
- fixed length control field: 241126|| aca||aabn | a|a d
040 ## - CATALOGING SOURCE
- Original cataloging agency: OSt
- Transcribing agency: OSt
150 ## - HEADING--TOPICAL TERM
- Topical term or geographic name entry element: Solid state electronics
670 ## - SOURCE DATA FOUND
- Source citation: Work cat.: (OSt)9484: MΓΆschwitzer, Albrecht. 19338, Semiconductor devices, circuits, and systems /, 1991.
